The social and interactional dimensions of human-computer interfaces / (Record no. 148542)
[ view plain ]
| 000 -LEADER | |
|---|---|
| fixed length control field | 00904nam a2200241 a 4500 |
| 003 - CONTROL NUMBER IDENTIFIER | |
| control field | OSt |
| 005 - DATE AND TIME OF LATEST TRANSACTION | |
| control field | 20251112121728.0 |
| 008 - FIXED-LENGTH DATA ELEMENTS--GENERAL INFORMATION | |
| fixed length control field | |
| 020 ## - INTERNATIONAL STANDARD BOOK NUMBER | |
| International Standard Book Number | 9780521453028 (Hardcover) |
| 040 ## - CATALOGING SOURCE | |
| Transcribing agency | NUST |
| Original cataloging agency | NUST |
| Language of cataloging | eng |
| Modifying agency | NUST |
| Description conventions | rda |
| 050 ## - LIBRARY OF CONGRESS CALL NUMBER | |
| Classification number | QA76.9.H85 SOC |
| 245 04 - TITLE STATEMENT | |
| Title | The social and interactional dimensions of human-computer interfaces / |
| Statement of responsibility, etc. | edited by Peter J. Thomas. |
| 260 ## - PUBLICATION, DISTRIBUTION, ETC. | |
| Place of publication, distribution, etc. | Cambridge : |
| Name of publisher, distributor, etc. | Cambridge University Press, |
| Date of publication, distribution, etc. | ©1995. |
| 300 ## - PHYSICAL DESCRIPTION | |
| Extent | ix, 268 pages : |
| Other physical details | Illustrations ; |
| Dimensions | 26 cm. |
| 336 ## - CONTENT TYPE | |
| Source | rdacontent |
| Content type term | text |
| Content type code | txt |
| 337 ## - MEDIA TYPE | |
| Source | rdamedia |
| Media type term | unmediated |
| Media type code | n |
| 338 ## - CARRIER TYPE | |
| Source | rdacarrier |
| Carrier type term | volume |
| Carrier type code | nc |
| 440 #0 - SERIES STATEMENT/ADDED ENTRY--TITLE | |
| Title | Cambridge series on human-computer interaction ; |
| 504 ## - BIBLIOGRAPHY, ETC. NOTE | |
| Bibliography, etc. note | Includes bibliographical references. |
| 650 #0 - SUBJECT ADDED ENTRY--TOPICAL TERM | |
| Topical term or geographic name entry element | Human-computer interaction. |
| 700 1# - ADDED ENTRY--PERSONAL NAME | |
| Personal name | Thomas, Peter J. |
| Relator term | Editor |
| 942 ## - ADDED ENTRY ELEMENTS (KOHA) | |
| Koha item type | Ordinary Loan Books |
| Call number prefix | QA |
| Source of classification or shelving scheme | Library of Congress Classification |
| Classification part | QA76.9.H85 SOC |
| Call number suffix | SOC |
| Suppress in OPAC | No |
| Withdrawn status | Lost status | Source of classification or shelving scheme | Damaged status | Not for loan | Collection | Home library | Current library | Shelving location | Date acquired | Source of acquisition | Cost, normal purchase price | Total Checkouts | Full call number | Barcode | Date last seen | Accession number | Cost, replacement price | Price effective from | Koha item type | Public note |
|---|---|---|---|---|---|---|---|---|---|---|---|---|---|---|---|---|---|---|---|---|
| LCC | 1 | NFIC | MAIN | MAIN | GEN | 11/12/2025 | Book Aid International | 80.00 | QA76.9.H85 SOC | 92003010514 | 01/23/2023 | 11196 | 80.00 | 11/12/2025 | BOOKS | Donation | ||||
| LCC | 1 | NFIC | MAIN | MAIN | GEN | 11/12/2025 | Book Aid International | 80.00 | QA76.9.H85 SOC | 92003013438 | 11/12/2025 | 11131 | 80.00 | 11/12/2025 | BOOKS | Donation | ||||
| LCC | 1 | NFIC | MAIN | MAIN | GEN | 11/12/2025 | Book Aid International | 80.00 | QA76.9.H85 SOC | 92003010413 | 11/12/2025 | 11831 | 80.00 | 11/12/2025 | BOOKS | Donation | ||||
| LCC | 1 | NFIC | MAIN | MAIN | GEN | 11/12/2025 | Book Aid International | 80.00 | QA76.9.H85 SOC | 92003013881 | 11/12/2025 | 11937 | 80.00 | 11/12/2025 | BOOKS | Donation |